000 00452nam a2200181Ia 4500
008 090124s9999 xx 000 0 und d
082 _b14183
_a5867
100 _aगोखले अरविंद
245 _a शपथ
250 _a1
260 _c1964
300 _a155
600 _aगोखले अरविंद
630 _a शपथ
700 _aगोखले अरविंद
730 _a शपथ
942 _cBOOK
999 _c128123
_d128123